000 00869cad a22001935a 4500
001 L156506
008 120530e2012 xxk 000 0 eng d
035 _a(Sirsi) u156506
041 0 _aeng
245 0 0 _a£145 million boost to help communities tackle empty homes
_h[electronic resource]
260 _c2012
490 _aDCLG Press Notice
_v29 May 2012
520 _a20 successful councils will receive a share of £60 million from the Clusters of Empty Homes Fund to tackle groups of empty homes and voluntary and community groups across the country will receive over £25 million to tackle individual empty properties in their area
590 _aKA NTK
651 4 _aEngland
_y886-
690 _aResidential property
_96266
856 4 0 _uhttps://www.communities.gov.uk/news/newsroom/2152954
_zView this item free of charge at www.communities.gov.uk
942 _n0
999 _c84044
_d84044